000 01006nam a2200289 i 4500
001 bg
100 1 _aKosowski, Adam.
245 1 0 _aMetaloznawstwo i obróbka cieplna stopów odlewniczych /
_cAdam Kosowski.
250 _aWyd. 2 zm. i uzup.
260 _aKraków :
_bWydawnictwo Naukowe Akapit,
_c2003.
300 _a495 s. :
_bil. ;
_c24 cm.
504 _aBibliogr. przy rozdz.
521 _aDla studentów specjalizujących się w zakresie odlewnictwa oraz dla kierunków studiów z zakresu budowy maszyn, a także inżynierii materiałowej.
650 9 _aMetaloznawstwo
650 9 _aOdlewnictwo
_xmateriały
650 9 _aStopy (metalurg.)
_xobróbka cieplna
655 _aPodręczniki akademickie
020 _a8389541017
040 _cBPK
041 _apol
044 _aPOL
080 _a669.017/.018(075.8)
920 _a83-89541-01-7
942 _cKS
008 s pl f |000 0 pol
999 _c56013
_d56013
856 _uhttp://koha.tu.koszalin.pl/cgi-bin/koha/opac-detail.pl?biblionumber=56013
_yKatalog online BPK